000 00399nam a2200145Ia 4500
008 211109s9999||||xx |||||||||||||| ||und||
082 _a894.8123
_bVAL-N
100 _aValsala,
245 0 _aNamparukal
260 _bRanjima Pub
_aChry Bn 12
_c1900
300 _a195p
630 _xGENERAL STACK
650 _aMalayalam literature
_vMalayalam fiction
_xLiterature & rhetoricMalayalam
942 _cBOOK
999 _c45327
_d45327